Psychiatric-mental health nursing: evidence-based concepts, skills, and practices. / (Record no. 6450)
[ view plain ]
| 000 -LEADER | |
|---|---|
| fixed length control field | 02533cam a22003498a 4500 |
| 001 - CONTROL NUMBER | |
| control field | 17314386 |
| 003 - CONTROL NUMBER IDENTIFIER | |
| control field | OSt |
| 005 - DATE AND TIME OF LATEST TRANSACTION | |
| control field | 20210414114551.0 |
| 008 - FIXED-LENGTH DATA ELEMENTS--GENERAL INFORMATION | |
| fixed length control field | 120521s2013 pau b 001 0 eng |
| 010 ## - LIBRARY OF CONGRESS CONTROL NUMBER | |
| LC control number | 2012020808 |
| 020 ## - INTERNATIONAL STANDARD BOOK NUMBER | |
| International Standard Book Number | 9781609137083 (alk. paper) |
| 035 ## - SYSTEM CONTROL NUMBER | |
| System control number | (DNLM)101584651 |
| 040 ## - CATALOGING SOURCE | |
| Original cataloging agency | DNLM/DLC |
| Transcribing agency | DLC |
| 042 ## - AUTHENTICATION CODE | |
| Authentication code | pcc |
| 050 ## - LIBRARY OF CONGRESS CALL NUMBER | |
| Classification number | RC440.P737 |
| 082 00 - DEWEY DECIMAL CLASSIFICATION NUMBER | |
| Classification number | 616.89/0231 |
| Edition number | 23 |
| 100 ## - MAIN ENTRY--PERSONAL NAME | |
| Personal name | Mohr, Wanda K. |
| 245 00 - TITLE STATEMENT | |
| Title | Psychiatric-mental health nursing: evidence-based concepts, skills, and practices. / |
| Statement of responsibility, etc. | Wanda K. Mohr. |
| 250 ## - EDITION STATEMENT | |
| Edition statement | 8th ed. |
| 260 ## - PUBLICATION, DISTRIBUTION, ETC. | |
| Place of publication, distribution, etc. | Philadelphia : |
| Name of publisher, distributor, etc. | Wolters Kluwer/Lippincott Williams & Wilkins Health, |
| Date of publication, distribution, etc. | 1997. |
| 263 ## - PROJECTED PUBLICATION DATE | |
| Projected publication date | 1111 |
| 300 ## - PHYSICAL DESCRIPTION | |
| Extent | xix, 923p.; |
| Dimensions | 28cm. |
| Other physical details | ills.: |
| 500 ## - GENERAL NOTE | |
| General note | Includes bibliographical references and index. |
| 504 ## - BIBLIOGRAPHY, ETC. NOTE | |
| Bibliography, etc. note | Includes bibliographical references and index. |
| 505 ## - FORMATTED CONTENTS NOTE | |
| Formatted contents note | Contents: Foundational concepts in psychiatric-mental health nursing: Introduction to psychiatric-mental health nursing -- Neuroscience: biology and behavior -- Conceptual frameworks and theories -- Evidence-based practice -- Legal and ethical aspects -- Client care considerations: Culture -- Spirituality in psychiatric care -- The Nurse-client relationship: Nursing values, attitudes and self-awareness -- The Nursing process in psychiatric-mental health care -- The Interview and assessment process -- Therapeutic relationships and communication -- Working with the multidisciplinary team -- Conceptual bases of treatment: Individual therapies and nursing interventions -- Groups and groups interventions -- Families and family interventions -- Psychopharmacology -- Integrated therapies -- Somatic therapies -- Settings for care: Impatient care settings -- Forensic psychiatric nursing -- Psychiatric disorders: Sleep disorders -- Anxiety disorders -- Somatoform, dissociative, and sexual disorders -- Personality disorders -- Eating disorders -- Depressive disorders -- Bipolar disorders -- Thought disorders -- Substance use disorders -- Cognitive disorders -- Psychiatric emergencies: Anger and aggression -- Violence and abuse -- Suicide and suicidal behavior -- Crisis intervention -- Special populations: Pediatric clients -- Older adult clients -- Homeless clients -- Clients with medical illnesses. |
| 650 12 - SUBJECT ADDED ENTRY--TOPICAL TERM | |
| Topical term or geographic name entry element | Mental Disorders |
| General subdivision | nursing. |
| 650 22 - SUBJECT ADDED ENTRY--TOPICAL TERM | |
| Topical term or geographic name entry element | Evidence-Based Nursing. |
| 650 22 - SUBJECT ADDED ENTRY--TOPICAL TERM | |
| Topical term or geographic name entry element | Psychiatric Nursing |
| General subdivision | methods. |
| 906 ## - LOCAL DATA ELEMENT F, LDF (RLIN) | |
| a | 0 |
| b | vip |
| c | orignew |
| d | 1 |
| e | ecip |
| f | 20 |
| g | y-gencatlg |
| 942 ## - ADDED ENTRY ELEMENTS (KOHA) | |
| Source of classification or shelving scheme | Library of Congress Classification |
| Koha item type | Books |
| Withdrawn status | Lost status | Source of classification or shelving scheme | Damaged status | Not for loan | Home library | Current library | Shelving location | Date acquired | Total Checkouts | Full call number | Barcode | Date last seen | Copy number | Price effective from | Koha item type |
|---|---|---|---|---|---|---|---|---|---|---|---|---|---|---|---|
| Library of Congress Classification | WISCONSIN INTERNATIONAL UNIVERSITY COLLEGE, GHANA - MAIN LIBRARY | WISCONSIN INTERNATIONAL UNIVERSITY COLLEGE, GHANA - MAIN LIBRARY | nursing | 14/08/2017 | RC440.P737 | NURS/323/17 | 14/08/2017 | 1 | 14/08/2017 | Books | |||||
| Library of Congress Classification | WISCONSIN INTERNATIONAL UNIVERSITY COLLEGE, GHANA - MAIN LIBRARY | WISCONSIN INTERNATIONAL UNIVERSITY COLLEGE, GHANA - MAIN LIBRARY | nursing | 14/08/2017 | RC440.P7371 | NURS/324/17 | 14/08/2017 | 2 | 14/08/2017 | Books | |||||
| Library of Congress Classification | WISCONSIN INTERNATIONAL UNIVERSITY COLLEGE, GHANA KUMASI LIBRARY | WISCONSIN INTERNATIONAL UNIVERSITY COLLEGE, GHANA KUMASI LIBRARY | nursing | 03/07/2019 | RC440.P737(8e) | KSN/260/19 | 11/02/2020 | 03/07/2019 | Books |
